00871nam a2200241 i 450000100060000000300090000600500170001500700030003200800410003508000240007608000190010024500560011926000740017530000220024949000270027150000900029860000320038865100530042070000420047371000540051583000270056985200330059618742ES-MaACL20250819164301.0t|020312s2000 sp ||||1| spa d a929 Azaña, Manuel a946.0"1931/39"00aAzaña y los otros / cAngeles Egido León (ed.). aMadrid : bCentro de Investigación y Estudios Republicanos, c2000. a236 p. ; c24 cm.1 aCuadernos republicanos 3Número especial monográfico de la revista Cuadernos Republicanos, noviembre 2000.14aAzaña, Manuel,d1880-1940 4aEspaña-xHistoria-y1931-1939, II República.1 aEgido León, María de los Angeles.2 aCentro de Investigación y Estudios Republicanos00aCuadernos republicanos aES-MaACLjL-25319 bR.130387